00521nam a22001697a 450000500170000001000150001702000270003203500140005903700130007308200110008610000270009724500520012426000350017627000700021130000200028150000500030120151103153153.0 aENG-113770 a9789383334223c1195.00 aEN- 97302 bDBAD/PUB a307.76 aSorokhaibam, J. Singh  aMetropolitan problems /cby J.Singh Sorokhaibam aDelhibA.K. Publicationsc2014 aB-61./E-1, Gali No.14, Jagat Puri Extn. Shahdara bDelhi e110093 a269p.c23cm(Hb) aIncludes bibliographical references and index